00329nam a2200097Ia 4500008004100000100002500041245004500066245003400111260000900145856007700154160531s9999 xx 000 0 und d aTyshenko, Michael G. 4aThe Continuum of Health Risk Assessments cEdited by Michael G. Tyshenko c2012 uhttp://www.intechopen.com/books/the-continuum-of-health-risk-assessments